000 00539nam a2200205Ia 4500
003 OSt
005 20260603101459.0
008 210210b1999 xxu||||| |||| 00| 0 eng d
040 _cAL
041 _aEnglish
082 _a658.022 DESS
100 _aDESAI (Vasant)
_9265068
245 _aSmall scale enterprises: V6 Promotional schemes: nature and character
260 _aBangalore.
_bHimalaya Publishing House
_c1999
300 _a471
440 _a6
_9265069
690 _aManagement
_9265070
906 _a054364
942 _2ddc
_cBK
999 _c102480
_d102480